| 000 | 00743nam a2200217Ia 4500 | ||
|---|---|---|---|
| 005 | 20260601193245.0 | ||
| 008 | 260601s9999||||xx |||||||||||||| ||und|| | ||
| 020 |
_a978-3-031-59383-3 _qebk |
||
| 100 | _aDavid Crawford | ||
| 245 | 0 | _aTechnology, Innovation, Entrepreneurship and Education | |
| 250 | _a2024 | ||
| 260 |
_aHeidelberg, Germany _bSpringer Nature _c2024 |
||
| 440 | _aLecture Notes of the Institute for Computer Sciences, Social Informatics and Telecommunications Engineering | ||
| 650 | _aComputer Science | ||
| 700 | _aJennah Kriebel | ||
| 700 | _aJeremy Foss | ||
| 700 | _aMartin Reed | ||
| 700 | _aNicholas Lambert | ||
| 856 | _uhttps://link.springer.com/openurl?genre=book&isbn=978-3-031-59383-3 | ||
| 942 |
_cEB _2ddc |
||
| 999 |
_c56553 _d56553 |
||